000 00453nam a22001817a 4500
999 _c6880
_d6880
003 OSt
005 20210416105136.0
008 210416b ||||| |||| 00| 0 eng d
020 _a0-521-42183-7
040 _cDDC
082 _a519.2 STI 1994
100 _aDavid Stirzaker
_914114
245 _aElementary Probability
260 _aUnited Kingdom
_bCambridge University Press
_c1994
300 _ax,406p.
_c24cm
500 _aill,
942 _2ddc
_cSLOAN